000 00368nam a2200169Ia 4500
100 _aShmueli/Galit/ Patel/Nitin R
650 _aDatamining
942 _cBK
366 _f25
654 _adatamining
245 _aDatamining for Business Intelligence
260 _bWiley India
_c2007
082 _a5.74
_bSHM
300 _a279
546 _aENGLISH
999 _c29939
_d29939